Reisetagebuch : die Landkreise der Provinz Barcelona : einzigartige Freizeitangebote und unvergessliche Augenblicke die Landkreise der Provinz Barcelona : einzigartige Freizeitangebote und unvergessliche Augenblicke
Descripción Física:
27 p. : il. col. ; 24 cm
Idioma:
German
MARC
| LEADER | 00000nam a2200000 a 4500 | ||
|---|---|---|---|
| 001 | 25327 | ||
| 008 | 220427b spa||||| |||| 00| 0 ger d | ||
| 017 | |a DL B 5730-2020 | ||
| 080 | |a FU-68-14 | ||
| 245 | |a Reisetagebuch : |b die Landkreise der Provinz Barcelona : einzigartige Freizeitangebote und unvergessliche Augenblicke | ||
| 260 | |a Barcelona : |b Diputació de Barcelona, |c 2020 | ||
| 300 | |a 27 p. : |b il. col. ; |c 24 cm | ||
| 650 | 0 | |a Cultura i lleure |z Barcelona (Província) |9 52671 | |
| 651 | 0 | |9 52676 |a Barcelona (Catalunya : Província) |v Guies | |
| 710 | 1 | |a Barcelona (Catalunya : Província). |b Diputació |9 52408 | |
| 710 | 2 | |a Barcelona ist viel mehr |e marca turística |9 52850 | |
| 942 | |2 udc |c ARXIU |n 1 | ||
| 952 | |0 0 |1 0 |4 0 |6 FU6814 |7 1 |9 61402 |a Arxiu |b Arxiu |d 2022-04-27 |l 0 |o FU-68-14 |p 25327 |r 2022-04-27 00:00:00 |w 2022-04-27 |y ARXIU | ||
| 999 | |c 81355 |d 81355 | ||